[Event "DOM-ch"]
[Site "Santo Domingo"]
[Date "2018.04.28"]
[Round "7"]
[White "Ferreira Fernandez, Sergio"]
[Black "Polanco Alcantara, Mario Alexander"]
[Result "0-1"]
[WhiteElo "2153"]
[BlackElo "2067"]
[PlyCount "62"]
[EventDate "2018.04.20"]
[EventType "swiss"]
[EventRounds "11"]
[EventCountry "DOM"]
[SourceTitle "CBM 184 Extra"]
[Source "ChessBase"]
[SourceDate "2018.06.28"]
[SourceVersion "1"]
[SourceVersionDate "2018.06.28"]
[SourceQuality "1"]

1. d4 Nf6 2. Nf3 g6 3. c4 Bg7 4. Nc3 0-0 5. e4 d6 6. Be2 Nc6 7. 0-0 e5 8. d5 Ne7 9. Ne1 Ne8 10. Nd3 f5 11. Bf3 Nf6 12. Re1 f4 13. c5 Rf7 14. cxd6 cxd6 15. b3 Bf8 16. Ba3 a6 17. Rc1 g5 18. Qd2 h5 19. Rc2 g4 20. Bd1 Ng6 21. Nb2 Rg7 22. Nc4 b5 23. Nb2 Nh7 24. Nd3 Ng5 25. Kh1 h4 26. f3 g3 27. Ne2 h3 28. Nexf4 exf4 29. Nxf4 hxg2+ 30. Kxg2 Nh4+ 31. Kh1 Ngxf3 0-1

[Event "DOM-ch"]
[Site "Santo Domingo"]
[Date "2018.04.21"]
[Round "3"]
[White "Jimenez Matos, Jimmy"]
[Black "Polanco Alcantara, Mario Alexander"]
[Result "1/2-1/2"]
[WhiteElo "1848"]
[BlackElo "2067"]
[PlyCount "112"]
[EventDate "2018.04.20"]
[EventType "swiss"]
[EventRounds "11"]
[EventCountry "DOM"]
[SourceTitle "CBM 184 Extra"]
[Source "ChessBase"]
[SourceDate "2018.06.28"]
[SourceVersion "1"]
[SourceVersionDate "2018.06.28"]
[SourceQuality "1"]

1. d4 Nf6 2. Nf3 g6 3. e3 Bg7 4. Be2 0-0 5. 0-0 d6 6. c4 Nbd7 7. Nc3 e5 8. dxe5 dxe5 9. Qc2 c6 10. Rd1 Qc7 11. e4 Nc5 12. b4 Ne6 13. b5 Re8 14. Be3 Ng4 15. Qc1 Nd4 16. Rb1 Nxe3 17. Qxe3 Qa5 18. Kf1 h6 19. h3 Be6 20. Rbc1 Rad8 21. Nd2 Kh7 22. Nb3 Qb4 23. Nb1 h5 24. Nxd4 exd4 25. Qa3 Qxa3 26. Nxa3 c5 27. g4 hxg4 28. hxg4 Be5 29. Kg2 Kh6 30. Nc2 Kg5 31. Ne1 Bxg4 32. Bxg4 Kxg4 33. Nd3 b6 34. f3+ Kg5 35. Rh1 Bf4 36. Ra1 f5 37. Nf2 Kf6 38. Nd3 Bb8 39. Rae1 Rh8 40. e5+ Kg7 41. Rxh8 Rxh8 42. f4 Bc7 43. a4 Ra8 44. Rh1 a6 45. bxa6 Rxa6 46. Nb2 Ra8 47. Kf3 g5 48. Rh5 Bd8 49. Rh1 g4+ 50. Kg3 Be7 51. Rh5 Kg6 52. Rh1 Kg7 53. Kg2 Rd8 54. Nd3 Ra8 55. Nb2 Kg6 56. Kg3 Kg7 1/2-1/2

[Event "Santo Domingo Inmortales op"]
[Site "Santo Domingo"]
[Date "2016.11.26"]
[Round "6"]
[White "Menendez Mendez, Ariel"]
[Black "Polanco Alcantara, Mario Alexander"]
[Result "0-1"]
[WhiteElo "1917"]
[BlackElo "2090"]
[PlyCount "78"]
[EventDate "2016.11.18"]
[EventType "swiss"]
[EventRounds "8"]
[EventCountry "DOM"]
[SourceTitle "EXT 2018"]
[Source "ChessBase"]
[SourceDate "2017.10.13"]
[SourceVersion "1"]
[SourceVersionDate "2017.10.13"]
[SourceQuality "1"]

1. e4 d6 2. d4 g6 3. Nc3 Bg7 4. g3 Nf6 5. Bg2 0-0 6. Nge2 Na6 7. 0-0 c5 8. h3 cxd4 9. Nxd4 Nc5 10. Be3 a6 11. Qd2 Re8 12. Rfd1 Bd7 13. Nde2 Qc8 14. Kh2 Rb8 15. Bg5 Bc6 16. f3 b5 17. Bh6 Bh8 18. Nf4 Qb7 19. h4 b4 20. Nce2 Ncxe4 21. fxe4 Ng4+ 22. Kh1 Nxh6 23. Nd5 Ng4 24. Qf4 h5 25. Rf1 e6 26. Nxb4 Be5 27. Qf3 Bxe4 28. Qxe4 Qxe4 29. Bxe4 Rxb4 30. Bd3 Rxb2 31. Rf3 Rxc2 32. Raf1 Rc7 33. Bxa6 Ra8 34. Bb5 Rxa2 35. Bd3 f5 36. Rb1 Rd2 37. Rb8+ Kf7 38. Bb5 d5 39. Ra3 Rxe2 0-1